| 000 | 01046nam a2200265Ia 4500 | ||
|---|---|---|---|
| 003 | OSt | ||
| 005 | 20221005104015.0 | ||
| 006 | a|||||r|||| 00| 0 | ||
| 007 | ta | ||
| 008 | 221004b |||||||| |||| 00| 0 hin d | ||
| 020 |
_a8179170225 (hbk) _c850 |
||
| 024 | _a97305 | ||
| 037 |
_b1925, 13/03/2009, Pioneer Books Distributors _cTextual |
||
| 040 |
_aCRL _cCRL _bhin |
||
| 041 |
_2hin _ahin |
||
| 082 | _aW, 152P5 | ||
| 100 | _aलास्की, हेराल्ड जे. | ||
| 245 | 0 | _aराजनीति का व्याकरण | |
| 246 | _aRājanīti kā vyākaraṇa | ||
| 260 |
_aदिल्ली _bग्रंथ शिल्पी भारत _c2005 |
||
| 300 |
_a605पृ0 _ccm. |
||
| 700 |
_a वीरेन्द्र पाल सिंह, अनु. _9623743 |
||
| 942 |
_hW, 152P5 _cTEXL _2cc |
||
| 999 |
_c1011477 _d1011477 |
||